Human Resource Management: Text and Cases (Record no. 4345)

MARC details
005 - DATE AND TIME OF LATEST TRANSACTION
control field 20250619065719.0
020 ## - INTERNATIONAL STANDARD BOOK NUMBER
International Standard Book Number 978125902682-9
082 ## - DEWEY DECIMAL CLASSIFICATION NUMBER
Classification number 658.3 ASW
100 ## - MAIN ENTRY--PERSONAL NAME
Author name ASWATHPPA, K.
245 ## - TITLE STATEMENT
Title Human Resource Management: Text and Cases
250 ## - EDITION STATEMENT
Edition statement 7th Ed.
260 ## - PUBLICATION, DISTRIBUTION, ETC.
Place of publication, distribution, etc. New York,
Name of publisher, distributor, etc. Mc Graw Hill,
Date of publication, distribution, etc. 2013
300 ## - PHYSICAL DESCRIPTION
Extent xxxiii,870p.; ill.; figure, table
Other physical details Index
Dimensions 23cm
942 ## - ADDED ENTRY ELEMENTS (KOHA)
Source of classification or shelving scheme Dewey Decimal Classification
Koha item type Books
Holdings
Date last seen Total checkouts Full call number Barcode Cost, replacement price Price effective from Koha item type Lost status Source of classification or shelving scheme Damaged status Not for loan Withdrawn status Home library Current library Shelving location Date acquired Cost, normal purchase price
06/19/2025   658.3 ASW DOM0003670 240000.00 06/19/2025 Books   Dewey Decimal Classification       CBE Dodoma CBE Dodoma Special Reserve Collection 09/29/2021 80000.00
06/19/2025   658.3 ASW DOM0001667 240000.00 06/19/2025 Books   Dewey Decimal Classification       CBE Dodoma CBE Dodoma Special Reserve Collection 09/29/2021 80000.00
06/19/2025   658.3 ASW DOM0004059 240000.00 06/19/2025 Books   Dewey Decimal Classification       CBE Dodoma CBE Dodoma   09/29/2021 80000.00